प्रेमचन्दः घर में / (Record no. 19631)

MARC details
000 -LEADER
fixed length control field 01392nam a22003017a 4500
005 - DATE AND TIME OF LATEST TRANSACTION
control field 20081127104916.0
008 - FIXED-LENGTH DATA ELEMENTS--GENERAL INFORMATION
fixed length control field 081127t xxu||||| |||| 00| 0 in d
010 ## - LCCN (DPL NO)
LC control number HIN-85336
020 ## - INTERNATIONAL STANDARD BOOK NUMBER
International Standard Book Number 8170434734
Terms of availability 350.00
035 ## - SYSTEM CONTROL NUMBER
System control number HN-57682
037 ## - SOURCE OF ACQUISITION
Source of stock number/acquisition DBAD / PUB
040 ## - CATALOGING SOURCE
Original cataloging agency DPL
Language of cataloging HN
082 ## - DEWEY DECIMAL CLASSIFICATION NUMBER
Classification number 808.883
100 ## - MAIN ENTRY--PERSONAL NAME
Personal name शिवरानी देवी प्रेमचन्द
245 ## - TITLE STATEMENT
Title प्रेमचन्दः घर में /
Statement of responsibility, etc शिवरानी देवी प्रेमचन्द
246 ## - VARYING FORM OF TITLE
Title proper/short title Premchand: ghara men
Remainder of title by Shivrani Devi 'Premchand'
260 ## - PUBLICATION, DISTRIBUTION, ETC. (IMPRINT)
Place of publication, distribution, etc दिल्ली
Name of publisher, distributor, etc आत्माराम एण्ड संस
Date of publication, distribution, etc 2008
270 ## - ADDRESS
Address 1376, कश्मीरी गेट
City दिल्ली
Postal code 110006
Telephone number 011-23946466, 23973082
Electronic mail address atmaram_books@hotmail.com
300 ## - PHYSICAL DESCRIPTION
Extent 304 पृ.
Dimensions 21सेमी(सजिल्द)
600 ## - SUBJECT ADDED ENTRY--PERSONAL NAME
Personal name प्रेमचन्द, 1881-1936
600 ## - SUBJECT ADDED ENTRY--PERSONAL NAME
Personal name Premchand, 1881-1936
650 ## - SUBJECT ADDED ENTRY--TOPICAL TERM
Topical term or geographic name as entry element स्मृति
650 ## - SUBJECT ADDED ENTRY--TOPICAL TERM
Topical term or geographic name as entry element Memory
700 ## - ADDED ENTRY--PERSONAL NAME
Personal name श्रद्धांजली
700 ## - ADDED ENTRY--PERSONAL NAME
Personal name चतुर्वेदी, बनारसी दास
942 ## - ADDED ENTRY ELEMENTS (KOHA)
Source of classification or shelving scheme Dewey Decimal Classification
Item type Hindi Books
Call number suffix शिवरा
Classification part 808.883
Holdings
Withdrawn status Lost status Source of classification or shelving scheme Damaged status Not for loan Home library Current library Date acquired Cost, normal purchase price Total Checkouts Full call number Barcode Date last seen Copy number Cost, replacement price Koha item type
    Dewey Decimal Classification   Not For Loan D.B.Act.Division D.B.Act.Division 10/12/2008 350.00   808.883 शिवरा HN-57682 10/12/2008 1 350.00 Hindi Books

© Delhi Public Library
Hit Counter
free hit counter